| 000 | 00822nam a2200265 a 4500 | ||
|---|---|---|---|
| 008 | |||
| 020 | _a041509738X (cased) | ||
| 020 | _a0415097398 (pbk. : alk. paper) | ||
| 049 | _aMAIN | ||
| 090 | _aHD6054.3 | ||
| 100 | 1 | _aMarshall, Judi. | |
| 245 | 1 | 0 |
_aWomen managers moving on : _bexploring career and life choices / _cJudi Marshall. |
| 260 |
_aLondon : _bRoutledge, _cc1995. |
||
| 300 |
_avi, 347 p. ; _c22 cm. |
||
| 504 | _aIncludes bibliographical references. | ||
| 500 | _aIncludes index. | ||
| 650 | 0 |
_aWomen executives _vCase studies. |
|
| 650 | 0 |
_aMid-career _vCase studies. |
|
| 650 | 0 |
_aCorporate culture _vCase studies. |
|
| 907 |
_a.b10037664 _b19-07-03 _c17-04-03 |
||
| 003 | |||
| 005 | 20230123133203.0 | ||
| 040 | _cNUST | ||
| 942 |
_cBOOKS _kHD6054.3 |
||
| 999 |
_c144229 _d144229 |
||